Catherine Malabou, Avant demain. Épigenèse et rationalité, Paris, Presses universitaires de France, 2014, 338 p., 21 €. (notice n° 1658632)
[ vue normale ]
| 000 -LEADER | |
|---|---|
| fixed length control field | 01076cam a2200169 4500500 |
| 005 - DATE AND TIME OF LATEST TRANSACTION | |
| control field | 20260208010853.0 |
| 041 ## - LANGUAGE CODE | |
| Language code of text/sound track or separate title | fre |
| 042 ## - AUTHENTICATION CODE | |
| Authentication code | dc |
| 100 10 - MAIN ENTRY--PERSONAL NAME | |
| Personal name | Lequan, Mai |
| Relator term | author |
| 245 00 - TITLE STATEMENT | |
| Title | Catherine Malabou, Avant demain. Épigenèse et rationalité, Paris, Presses universitaires de France, 2014, 338 p., 21 €. |
| 260 ## - PUBLICATION, DISTRIBUTION, ETC. | |
| Date of publication, distribution, etc. | 2015.<br/> |
| 500 ## - GENERAL NOTE | |
| General note | 78 |
| 520 ## - SUMMARY, ETC. | |
| Summary, etc. | L’histoire de la dénomination des chaires de « psychologie », ou impliquant cette discipline, au Collège de France apparaît comme un révélateur particulier de l’évolution de celle-ci dans le champ des sciences humaines et sociales. |
| 520 ## - SUMMARY, ETC. | |
| Summary, etc. | The history of the labelling of the Chairs in Psychology, or those involving that discipline, at the Collège de France sheds much light on the evolution of that subject within the field of the human and social sciences. |
| 786 0# - DATA SOURCE ENTRY | |
| Note | Revue philosophique de la France et de l'étranger | 140 | 2 | 2015-05-11 | p. 229v-283v | 0035-3833 |
| 856 41 - ELECTRONIC LOCATION AND ACCESS | |
| Uniform Resource Identifier | <a href="https://shs.cairn.info/revue-philosophique-2015-2-page-229v?lang=fr&redirect-ssocas=7080">https://shs.cairn.info/revue-philosophique-2015-2-page-229v?lang=fr&redirect-ssocas=7080</a> |
Pas d'exemplaire disponible.




Réseaux sociaux